Κοινωνιολογία της σύγχρονης οικογένειας
Αποθηκεύτηκε σε:
| Κύριος συγγραφέας: | |
|---|---|
| Μορφή: | Βιβλίο |
| Γλώσσα: | Greek |
| Δημοσίευση: |
Αθήνα :
Gutenberg,
1996.
|
| Σειρά: | Βιβλιοθήκη κοινωνικής επιστήμης και κοινωνικής πολιτικής ;
v.23 |
| Θέματα: | |
| Ετικέτες: |
Προσθήκη ετικέτας
Δεν υπάρχουν, Καταχωρήστε ετικέτα πρώτοι!
|
MARC
| LEADER | 00000cam a2200000 i 4500 | ||
|---|---|---|---|
| 001 | 1/48652 | ||
| 008 | 980127s1996####gr | ||| |||| ||gre|| | ||
| 020 | |a 9600101213 | ||
| 035 | |1 ΠΑΡ |a 1997 |b 06/12 |c ΒΟΥΛΓΑΡΑΚΗΣ |l 10026706 | ||
| 035 | |a 1996 |b 3 |c Βιτσιλάκη | ||
| 035 | |a 1998 |b 1 |c ΚΠΣ/Δημοτικής Εκπαίδευσης | ||
| 040 | |a GR-MY-UA |b gre |e aacr | ||
| 041 | 0 | |a gre | |
| 082 | 7 | |a 306.85 |2 (22) | |
| 100 | 0 | |a Μουσούρου, Λουκία Μ. | |
| 245 | 1 | 0 | |a Κοινωνιολογία της σύγχρονης οικογένειας / |c Λουκία Μ. Μουσούρου. |
| 260 | |a Αθήνα : |b Gutenberg, |c 1996. | ||
| 300 | |a 204 σ. : |b πιν. ; |c 21 εκ. | ||
| 490 | 1 | |a (Βιβλιοθήκη κοινωνικής επιστήμης και κοινωνικής πολιτικής ; |v vol.23) | |
| 504 | |a Ευρετήριο : σ. 193-204. | ||
| 504 | |a Βιβλιογραφία : σ. 181-192. | ||
| 650 | 0 | 0 | |a Family. |
| 830 | 0 | |a Βιβλιοθήκη κοινωνικής επιστήμης και κοινωνικής πολιτικής ; |v v.23 | |
| 852 | |a INST |b CHIOS |e 19980127 |h 306.85 ΜΟΥ |p 005200010019 |q 005200010019 |t BK |y 0 | ||
| 852 | |a INST |b LESVOS |c EUDOXUS |e 19980127 |h 306.85 ΜΟΥ |p 005100015086 |q 005100015086 |t EDX |y 0 | ||
| 852 | |a INST |b LESVOS |c EUDOXUS |e 20170509 |h 306.85 ΜΟΥ |p 005100059161 |q 005100059161 |t EDX |y 4 |x 20200323 | ||
| 852 | |a INST |b RHODES |e 19980831 |h 306.85 ΜΟΥ |p 005400006735 |q 005400006735 |t BK |y 0 | ||
| 852 | |a INST |b RHODES |e 19980401 |h 306.85 ΜΟΥ |p 005400010853 |q 005400010853 |t BK |y 0 | ||
| 901 | |a BIBL-1997-3 | ||
| 901 | |a BIBL-1998-1 | ||
| 909 | |a Χ |b 052883 | ||
| 909 | |a Λ |b 051960 | ||
| 909 | |a Ρ |b 049126 | ||
| 909 | |a Ρ |b 053112 | ||
| 920 | |a Εύδοξος |b Παραγγελία-ΤΚΑΙ |y Λέσβος |z 2017-05 | ||
| 922 | |a 1ΕΛΗ |b 199711 |c ΚΠΣ/ΒΟΥΛΓΑΡΑΚΗΣ |d EMVASIS | ||
| 970 | |z 1998/01 | ||